Modern Economic Theory/ (Record no. 35965)

MARC details
000 -LEADER
fixed length control field 00467nam a22001817a 4500
005 - DATE AND TIME OF LATEST TRANSACTION
control field 20240626103145.0
008 - FIXED-LENGTH DATA ELEMENTS--GENERAL INFORMATION
fixed length control field 240626b |||||||| |||| 00| 0 eng d
082 ## - DEWEY DECIMAL CLASSIFICATION NUMBER
Classification number 330.1
Item number DEW-M
100 ## - MAIN ENTRY--AUTHOR
Author Name Dewett, K.K
245 ## - TITLE STATEMENT
Title Modern Economic Theory/
Statement of responsibility, etc. K.K.Dewett
250 ## - EDITION STATEMENT
Edition statement 21st ed.
260 ## - PUBLICATION, DISTRIBUTION, ETC.
Place of Publication New Delhi;
Name of publisher, distributor, etc. S.Cgand & Company;
Date of publication, distribution, etc. 1984.
300 ## - PHYSICAL DESCRIPTION
Pages 741 p.:
500 ## - GENERAL NOTE
General note Include index.
650 ## - SUBJECT ADDED ENTRY--TOPICAL TERM
Subject / Department Economics
700 ## - ADDED ENTRY--PERSONAL NAME
Personal name Adarsh Chand
300 ## - PHYSICAL DESCRIPTION
-- 22.5 cm.
952 ## - LOCATION AND ITEM INFORMATION (KOHA)
-- 0
-- 0
Holdings
Lost status Damaged status Collection code Permanent Location Current Location Date acquired Full Call Number Accession No./Barcode Date last seen item type Koha item type
    Economics/Commerce Superior Information Resource Center (SIRC) Superior University - City Campus Superior Information Resource Center (SIRC) Superior University - City Campus 06/26/2024 330.1 DEW-M 1984 2508 06/26/2024 BOOK BOOK

Powered by Koha